书目信息 |
| 题名: |
我与人民政协
|
|
| 作者: | ;政协山东省委 编 | |
| 分册: | ||
| 出版信息: | 济南 山东友谊出版社 2014 |
|
| 页数: | 235页 | |
| 开本: | 24cm | |
| 丛书名: | ||
| 单 册: | ||
| 中图分类: | D628.52-53 | |
| 科图分类: | ||
| 主题词: | ||
| 电子资源: | ||
| ISBN: | 978-7-5516-0751-3 | |
| 000 | 01033nam0 2200241 450 | |
| 001 | 0103422443 | |
| 005 | 20150506085504.0 | |
| 010 | @a978-7-5516-0751-3@dCNY36.00 | |
| 100 | @a20150228d2014 em y0chiy0120 ea | |
| 101 | 0 | @achi |
| 102 | @aCN@b370000 | |
| 105 | @ay z 000yy | |
| 106 | @ar | |
| 200 | 1 | @a我与人民政协@9Wo Yu Ren Min Zheng Xie @e庆祝人民政协成立65周年文集@f政协山东省委员会办公厅编@b专著 |
| 210 | @a济南@c山东友谊出版社@d2014 | |
| 215 | @a235页@d24cm | |
| 330 | @a本书内容紧扣庆祝人民政协成立65周年这个主题,结合了自身履职实践,抒发了对人民政协的深厚感情,深化了对人民政协的认识,总结了履行委员职责的经验,反映在人民政协舞台上建言献策、建功立业、服务社会的不平凡事迹。 | |
| 517 | 1 | @a庆祝人民政协成立65周年文集@9qing zhu ren min zheng xie cheng li 65 zhou nian wen ji |
| 601 | 02 | @a中国人民政治协商会议@x地方组织@x工作@y山东@j文集 |
| 690 | @aD628.52-53@v5 | |
| 711 | 02 | @a政协山东省委@b办公厅@4编@9zheng xie shan dong sheng wei |
| 801 | 0 | @aCN@bAZmarc@c20230907 |
| 905 | @aBZT@dD628.52-53@e1@f1@sD628.52-53/1 | |
| 我与人民政协:庆祝人民政协成立65周年文集/政协山东省委员会办公厅编.-济南:山东友谊出版社,2014 |
| 235页;24cm |
| ISBN 978-7-5516-0751-3:CNY36.00 |
| 本书内容紧扣庆祝人民政协成立65周年这个主题,结合了自身履职实践,抒发了对人民政协的深厚感情,深化了对人民政协的认识,总结了履行委员职责的经验,反映在人民政协舞台上建言献策、建功立业、服务社会的不平凡事迹。 |
| ● |
| 相关链接 |
|
|
|
正题名:我与人民政协
索取号:D628.52-53/1
 
预约/预借
| 序号 | 登录号 | 条形码 | 馆藏地/架位号 | 状态 | 备注 |
| 1 | 2000031206 | 2000031206 | 旧书回溯/ [索取号:D628.52-53/1] | 在馆 |